Statistics for Guess the 1970s song lyrics #29

Click here to take the quiz!

General Stats

  • This quiz has been taken 17 times
  • The average score is 129 of 247

Answer Stats

Answer% Correct
a
100%
A
100%
an
100%
I
100%
You
100%
you
100%
And
94%
in
94%
it
94%
It
94%
Love
94%
love
94%
me
94%
no
94%
No
94%
on
94%
so
94%
that
94%
the
94%
be
88%
do
88%
is
88%
Is
88%
to
88%
when
88%
your
88%
for
82%
say
82%
can
76%
like
76%
of
76%
one
76%
thing
76%
this
76%
You're
76%
you're
76%
all
71%
but
71%
out
71%
could
65%
How
65%
see
65%
than
65%
with
65%
any
59%
just
59%
They
59%
they
59%
about
53%
now
53%
Oh
53%
time
53%
heart
47%
never
47%
even
41%
loving
41%
there's
41%
There's
41%
Well
41%
away
35%
before
35%
broken
35%
easy
35%
gonna
35%
mind
35%
tell
35%
use
35%
around
29%
baby
29%
help
29%
such
29%
again
24%
ain't
24%
cannot
24%
Everybody
24%
eyes
24%
fool
24%
may
24%
person
24%
play
24%
plays
24%
someone
24%
thinking
24%
anything
18%
cry
18%
Falling
18%
listen
18%
Listen
18%
Next
18%
cruel
12%
Crying
12%
crying
12%
Dig
12%
dying
12%
earth
12%
exception
12%
factual
12%
guarantee
12%
heaven
12%
lying
12%
mopin
12%
Okay
12%
rash
12%
reason
12%
rule
12%
runs
12%
school
12%
sit
12%
sometime
12%
tool
12%
touch
12%
ability
6%
certain
6%
clouds
6%
cries
6%
deeper
6%
emotion
6%
music
6%
ocean
6%
reality
6%
sometimes
6%
starts
6%
swept
6%
wanna
6%

Score Distribution

Percentile by Number Answered

Percent of People with Each Score

Your Score History

You have not taken this quiz